000 00579nam a2200169 4500
008 161116b xxu||||| |||| 00| 0 eng d
020 _a978-971-0508-93-8
082 _22012
_aDFil 808.06
_bR71c
100 _917458
_aRosales, Renato De guzman
245 _aCreative writing reconsidered/
_cRenato De guzman Rosales.
260 _aMalabon City:
_bJimczyvlle Publications,
_cc2012.
300 _axiv, 284 pages:
_billustrations;
_c25 cm.
500 _aIncludes bibliographical references.
650 0 _917460
_a Authorship -- Rhetoric.
365 _b528.00
_cPhp
942 _2ddc
_cDFIL
999 _c5692
_d5692